Honey Trap

Salvato in:
Dettagli Bibliografici
Autore principale: Mizuki, Gai
Natura: Libro
Lingua:inglese
Pubblicazione: Bologna Renbooks 2013
Tags: Aggiungi Tag
Nessun Tag, puoi essere il primo ad aggiungerne!!

MARC

LEADER 00000nam a2200000 4500
003 ct
005 20250904171904.0
008 231031b |||||||| 6||| 00| 0 eng d
020 |a 9788890918537 
040 |c C 
082 |a 741.5952 
100 |a Mizuki, Gai 
245 |a Honey Trap 
260 |a Bologna  |b Renbooks  |c 2013 
690 |a Fumetti 
942 |2 ddc  |c BK  |n 0 
952 |0 0  |1 0  |2 ddc  |4 0  |6 741_500000000000000_GAI_HON  |7 1  |9 27  |a GE  |b GE  |d 2015-04-17  |l 0  |o 741.5 GAI HON  |p 2401  |r 2023-10-31 22:19:06  |w 2023-10-31  |x Donazione di Cristiano Grattarola  |y BK 
999 |c 25  |d 25